Sustainability, social responsibility, and innovations in tourism and hospitality

Bibliographic Details
Format: Book
Language:English
Published: Oakville, ON ; Waretown, NJ : : Apple Academic Press, [2015], 2021
Series:Advances in hospitality and tourism
Subjects:

MARC

LEADER 00000cam a2200000 7i4500
001 0000030318
005 20241203.0
008 230829 -cna eng
020 |a 9781774632956 (pbk) 
020 |a 9781926895673 (all. paper) 
040 |a INS   |b eng   |e rda 
090 0 0 |a G156.5.S87   |b .S93 2021 
245 0 0 |a Sustainability, social responsibility, and innovations in tourism and hospitality   |c edited by H.G. Parsa, Vijaya "Vi" Narapareddy, consulting editor ; SooCheong (Shawn) Jang, Mariival Segarra-Ona, and Rachel J. C. Chen, associate editors 
264 1 |a Oakville, ON ;   |a Waretown, NJ : :   |b Apple Academic Press,   |c [2015], 2021 
264 4 |c ©[2015 
300 |a xxii, 348 pages :   |b illustrations ;   |c 24 cm. 
336 |a text  |2 rdacontent 
337 |a unmediated  |2 rdamedia 
338 |a volume  |2 rdacarrier 
490 0 |a Advances in hospitality and tourism 
504 |a Includes bibliographical references and index 
650 0 |a Hospitality industry   |x Environmental aspects 
650 0 |a Social responsibility of business 
650 0 |a Sustainable tourism 
650 0 |a Tourism   |x Environmental aspects 
700 1 |a Parsa, H. G., ,   |e editor of compilation 
999 |a 1000004753   |b BOOK   |c Open Shelf   |e Default branch